Μαθηματικά : Β' λυκείου : άλγεβρα

Αποθηκεύτηκε σε:
Λεπτομέρειες βιβλιογραφικής εγγραφής
Κύριος συγγραφέας: Βαρουχάκης, Νικόλαος
Μορφή: Βιβλίο
Γλώσσα:Greek
Δημοσίευση: Αθήνα : Ο.Ε.Δ.Β., 1989
Θέματα:
Ετικέτες: Προσθήκη ετικέτας
Δεν υπάρχουν, Καταχωρήστε ετικέτα πρώτοι!

MARC

LEADER 00000nam a2200000 i 4500
001 1/76406
008 960521s1989 gre d
035 |a 1989  |b 2  |c Δωρεά  |l 10032395 
035 |a 1991  |b 1  |c Δωρεά 
040 |a GR-MY-UA  |b gre  |e aacr 
041 0 |a gre 
082 0 |a 512.007 
100 1 |a Βαρουχάκης, Νικόλαος. 
245 1 0 |a Μαθηματικά :  |b Β' λυκείου : άλγεβρα /  |c Ν. Βαρουχάκης ... [κ.ά.] 
260 |a Αθήνα :   |b Ο.Ε.Δ.Β.,   |c 1989 
300 |a 226 σ. 
650 0 0 |a Algebra  |x Study and teaching (Secondary)  |z Greece. 
852 |a INST  |b RHODES  |e 19960521  |h 512.007 ΜΑΘ  |p 005400001925  |q 005400001925  |t BK  |y 620 
852 |a INST  |b RHODES  |e 19960521  |h 512.007 ΜΑΘ  |p 005400001926  |q 005400001926  |t BK  |y 620 
852 |a INST  |b RHODES  |e 19960521  |h 512.007 ΜΑΘ  |p 005400001927  |q 005400001927  |t BK  |y 620 
852 |a INST  |b RHODES  |e 19960522  |h 512.007 ΜΑΘ  |p 005400001928  |q 005400001928  |t BK  |y 0 
852 |a INST  |b RHODES  |e 19960521  |h 512.007 ΜΑΘ  |p 005400001929  |q 005400001929  |t BK  |y 620 
852 |a INST  |b RHODES  |e 19960522  |h 512.007 ΜΑΘ  |p 005400001930  |q 005400001930  |t BK  |y 620 
852 |a INST  |b RHODES  |e 19960522  |h 512.007 ΜΑΘ  |p N10011689  |q N10011689  |t BK  |y 12 
909 |a Ρ  |b 014455  |c 1989 
909 |a Ρ  |b 014457  |c 1989 
909 |a Ρ  |b 017529  |c 1991 
909 |a Ρ  |b 014456  |c 1989 
909 |a Ρ  |b 017530  |c 1991 
909 |a Ρ  |b 017531  |c 1991 
909 |a Ρ  |b 017532  |c 1991